000 00535cam a2200217 4500
001 B1819
008 090401t1984 xxu||||| |||| 00| 0 eng d
035 _a(Sirsi) u46617
041 _aeng
050 _a333.3350973
110 _aSavills
_92020
245 _aLetter from America. - September 1983, June 1984
260 _aWashington,DC
_bSavills
_c1983-1984
300 _a2v. ; 30cm.
350 _a0
650 _aFARM LAND
650 _aINVESTMENT
650 _aUNITED STATES OF AMERICA
942 _n0
948 _c04/03/1997
999 _c91958
_d91958